Beowulf Matching Quiz (Movie/Poem) Stats

 Plays Quiz not verified by Sporcle

Challenge
Share
Tweet
Embed
Score 0/15 Timer 05:00
0 Plays Today
% Correct
Beowulf
83%
Dragon
79.1%
Hrothgar
71.2%
Grendel's Mother
70.6%
Herot
64.9%
Wealhtheow
54.7%
Moors
51.6%
Brecca
50.8%
% Correct
Unferth
49.2%
Ecgtheow
42.7%
Hrothulf
40.6%
Wiglaf
39%
Weregild
34%
Hygelac
33.8%
Wayland
23.4%

You're not logged in!

Compare scores with friends on all Sporcle quizzes.
Join for Free
OR
Log In

You Might Also Like...

Show Comments

Extras

Top Quizzes Today


Score Distribution

Your Account Isn't Verified!

In order to create a playlist on Sporcle, you need to verify the email address you used during registration. Go to your Sporcle Settings to finish the process.

Report this User

Report this user for behavior that violates our Community Guidelines.

Details: